| 000 | 01133nmm a2200277 a 4500 | ||
|---|---|---|---|
| 003 | AR-BaBNM | ||
| 005 | 20251128204035.0 | ||
| 008 | 026019s1976 ||||||||||||||000 | spa|| | ||
| 040 | _cAR-BaBNM | ||
| 110 | 2 |
_aOrganización de Estados Americanos _9OEA _bDepartamento de Asuntos Educativos |
|
| 245 | 1 | 0 |
_aSeminario internacional de intercambio de experiencias sobre deserción escolar _binforme final |
| 260 |
_aTurmero _bCentro de Capacitación Docente 'El Mácaro' _c1976 |
||
| 300 | 0 |
_a177 p. _btablas |
|
| 500 | 0 | _aProyecto multinacional para el mejoramiento de la administración de la enseñanza primaria en América Latina | |
| 500 | 0 | _aOEA: Organización de Estados Americanos | |
| 650 | 4 | _aDESERCION ESCOLAR | |
| 650 | 4 | _aDESARROLLO DE LA EDUCACION | |
| 650 | 4 | _aASISTENCIA ESCOLAR | |
| 650 | 4 | _aTEORIAS DEL APRENDIZAJE | |
| 651 | 4 | _aAmérica Latina | |
| 653 | 0 | _aEDUCACION PRIMARIA | |
| 710 | 2 | _aConsejo Nacional de Educación [Argentina] | |
| 711 | 2 |
_aSeminario internacional de intercambio de experiencias sobre deserción escolar _cBuenos Aires, Argentina _9mar.-abr. _d1975 |
|
| 942 | _cBK | ||
| 998 | _cSILVI | ||
| 999 |
_c5921 _d5921 |
||